Top 15 Most Atheist European Countries - Statistics

General Stats
  • This quiz has been taken 102 times
  • The average score is 13 of 15
Answer Stats
% Country % Correct
27 Sweden
97%
26 United Kingdom
97%
24 Norway
95%
33 France
94%
44 Germany
94%
31 Finland
92%
57 Czech Republic
89%
38 Spain
89%
54 Netherlands
88%
29 Belgium
87%
58 Estonia
86%
27 Luxembourg
83%
29 Switzerland
83%
24 Slovakia
77%
41 Belarus
61%
No matching quizzes found
Score Distribution
Percent of People with Each Score
Percentile by Number Answered
Your Score History
You have not taken this quiz